Técnicas dl costo directo (Registro nro. 2047)

Detalles MARC
000 -LEADER
fixed length control field 01150 a2200193 4500
001 - CONTROL NUMBER
control field 30185
005 - DATE AND TIME OF LATEST TRANSACTION
control field 20260407155613.0
008 - FIXED-LENGTH DATA ELEMENTS--GENERAL INFORMATION
fixed length control field 260407a1968 arg spa d
003 - CONTROL NUMBER IDENTIFIER
control field AR-UNSa-BCEJYS
040 ## - CATALOGING SOURCE
Original cataloging agency AR-UNSa-BCEJYS
Language of cataloging spa
Transcribing agency AR-UNSa-BCEJYS
080 ## - UNIVERSAL DECIMAL CLASSIFICATION NUMBER
Universal Decimal Classification number 657.474.55
Common auxiliary subdivision Costes directos e indirectos. Costes marginales<br/>
100 1# - MAIN ENTRY--PERSONAL NAME
Personal name Woolsey, Samuel M.
245 10 - TITLE STATEMENT
Title Técnicas dl costo directo
264 #1 - PRODUCTION, PUBLICATION, DISTRIBUTION, MANUFACTURE, AND COPYRIGHT NOTICE
Place of production, publication, distribution, manufacture México :
Name of producer, publisher, distributor, manufacturer Editora Técnica
Date of production, publication, distribution, manufacture, or copyright notice 1968
300 ## - PHYSICAL DESCRIPTION
Extent 251 p.
Dimensions 23 cm.
505 ## - FORMATTED CONTENTS NOTE
Formatted contents note 1. Significado del costeo directo - 2. Informes del costeo directo - 3. Control por medio de los costos directos - 4. Costos éstandar por el procedimiento de costeo directo - 5. Distinción entre costos directos y costos fijos - 6. Inventarios y costos directos - 7. Fijación de precios y costos directos - 8. Costeo directo en compañias mercantiles y de servicios - 9. Instalación del sistema de costo directo - 10. Costeo directo en la toma de desiciones - 11. Informes a los accionistas y al público - 12. Impuestos sobre renta y costeo directo - 13. Peligros que acechan al costeo directo
590 ## - LOCAL NOTE (RLIN)
Local note niveau_biblio:m niveau_hierar:0
942 ## - ADDED ENTRY ELEMENTS (KOHA)
Koha item type
Existencias
Withdrawn status Lost status Damaged status Not for loan Home library Current library Shelving location Date acquired Total checkouts Full call number Barcode Date last seen Price effective from Koha item type
        Biblioteca Prof. Eusebio Cleto del Rey Biblioteca Prof. Eusebio Cleto del Rey   07/04/2026   657.474.55 W916 L23900 07/04/2026 07/04/2026 Libro